DAVID BUSCH S MASTERING DIGITAL SLR PHOT (Record no. 26985)

MARC details
000 -LEADER
fixed length control field 00371nam a2200145Ia 4500
008 - FIXED-LENGTH DATA ELEMENTS--GENERAL INFORMATION
fixed length control field 240624s9999 xx 000 0 und d
041 ## - LANGUAGE CODE
Language code of text/sound track or separate title eng
082 ## - DEWEY DECIMAL CLASSIFICATION NUMBER
Classification number 778.71 BUS
100 ## - MAIN ENTRY--PERSONAL NAME
Personal name BUSCH DAVID D
245 ## - TITLE STATEMENT
Title DAVID BUSCH S MASTERING DIGITAL SLR PHOT
250 ## - EDITION STATEMENT
Edition statement (4th ed.)
260 ## - PUBLICATION, DISTRIBUTION, ETC.
Date of publication, distribution, etc. 2014
Place of publication, distribution, etc. Australia
Name of publisher, distributor, etc. Cengage Learning PTR
300 ## - PHYSICAL DESCRIPTION
Extent 464 : p.
365 ## - TRADE PRICE
Currency code GBP
Price amount 25
Holdings
Withdrawn status Lost status Damaged status Not for loan Home library Current library Shelving location Date acquired Source of acquisition Cost, normal purchase price Full call number Barcode Date last seen Copy number Price effective from Koha item type
        IMTN IMTN Rack 38-A 03/11/2016 RW 18.99 778.71 BUS 26985 06/24/2024 105.6 06/24/2024 Books
Designed & Maintained by: LRC IMT Nagpur Contact: lrc@imtnag.ac.in© 2024. All Rights Reserved.